| 000 | 00641nam a22001937a 4500 | ||
|---|---|---|---|
| 999 |
_c57009 _d57009 |
||
| 005 | 20191003120558.0 | ||
| 008 | 191003s2017 ru ||||| |||| 00| 0 rus d | ||
| 020 | _a9789941460364 | ||
| 041 | _arus | ||
| 080 | _a616.316.006(075) Т- 41 | ||
| 100 |
_aТимофеев, А. А _94465 |
||
| 245 |
_aОПУХОЛИ СЛЮННЬХ ЖЕЛЁЗ : _bМонография / _cA.A. Тимофеев, Б. Беридзе. |
||
| 264 |
_aБатуми : _bАджара, _c2017. |
||
| 300 |
_a118 ст.: _bил.; _c24 см. |
||
| 653 | _aმედიცინა | ||
| 653 | _aмедицина | ||
| 700 |
_aБеридзе,б _94466 |
||
| 942 |
_2udc _cBK |
||